[Event "Dresden (Women)"]
[Site "Dresden"]
[Date "1995.??.??"]
[Round "?"]
[White "Fischdick, Gisela"]
[Black "Stefanova, Antoaneta"]
[Result "1/2-1/2"]
[WhiteElo "2290"]
[BlackElo "2415"]
[PlyCount "45"]
[EventDate "1995.??.??"]
[Source "www.chesslib.no"]
[SourceDate "2004.05.04"]

1. d4 Nf6 2. c4 e5 3. dxe5 Ne4 4. Nf3 Nc6 5. e3 d6 6. Be2 Be6 7. Nbd2 Nxd2 8. Bxd2 dxe5 9. Bc3 Qxd1+ 10. Rxd1 f6 11. a3 a5 12. Nd2 a4 13. Bh5+ g6 14. Bf3 Rd8 15. g4 Bg7 16. h4 h5 17. gxh5 gxh5 18. Rg1 Kf7 19. Rc1 Rb8 20. Bd1 Ra8 21. Bf3 Rab8 22. Bd1 Ra8 23. Bf3 1/2-1/2

[Event "ch City T"]
[Site "ch Copenhagen City T"]
[Date "1995.??.??"]
[Round "5"]
[White "Bjerring, Kai"]
[Black "Hvenekilde, Jorgen"]
[Result "0-1"]
[WhiteElo "2370"]
[BlackElo "2330"]
[PlyCount "26"]
[EventDate "1995.??.??"]
[Source "www.chesslib.no"]
[SourceDate "2004.05.04"]

1. d4 Nf6 2. c4 e5 3. dxe5 Ne4 4. Nf3 Nc6 5. a3 d6 6. exd6 Bxd6 7. Nbd2 Bg3 8. Nxe4 Bxh2 9. Qb3 Qd6 10. Be3 Ke7 11. Nfd2 Qd4 12. O-O-O Bf5 13. Qb5 Qc5 0-1

[Event "Oberliga Nord N9899"]
[Site "GER"]
[Date "1999.??.??"]
[Round "?"]
[White "Lamprecht, Frank"]
[Black "Hochgraefe, Markus"]
[Result "1/2-1/2"]
[WhiteElo "2395"]
[BlackElo "2305"]
[PlyCount "43"]
[EventDate "1998.??.??"]
[Source "www.chesslib.no"]
[SourceDate "2004.05.04"]

1. d4 Nf6 2. c4 e5 3. dxe5 Ne4 4. a3 Nc6 5. Nf3 d6 6. Nbd2 Nxd2 7. Bxd2 dxe5 8. Bc3 Qxd1+ 9. Rxd1 f6 10. e3 Be6 11. Rg1 h5 12. Bd3 O-O-O 13. Nh4 g5 14. Bf5 Rxd1+ 15. Kxd1 Kd7 16. Bxe6+ Kxe6 17. Ng6 Rg8 18. Nxf8+ Rxf8 19. Ke2 Rd8 20. h3 e4 21. Rd1 Rxd1 22. Kxd1 1/2-1/2

[Event "Tastrup"]
[Site "Tastrup"]
[Date "1995.??.??"]
[Round "5"]
[White "Bjerring, Kai"]
[Black "Hvenekilde, Jorgen"]
[Result "0-1"]
[WhiteElo "2370"]
[BlackElo "2330"]
[PlyCount "26"]
[EventDate "1995.??.??"]
[Source "www.chesslib.no"]
[SourceDate "2004.05.04"]

1. d4 Nf6 2. c4 e5 3. dxe5 Ne4 4. Nf3 Nc6 5. a3 d6 6. exd6 Bxd6 7. Nbd2 Bf5 8. Nxe4 Bxe4 9. Qb3 Qe7 10. Be3 O-O 11. g3 Bxf3 12. exf3 Nd4 13. Qd1 Bb4+ 0-1

[Event "It (Men) Copenhagen DEN"]
[Site "?"]
[Date "2005.04.02"]
[Round "1"]
[White "Bekker Jensen Simon"]
[Black "Olsson Linus"]
[Result "1/2-1/2"]
[WhiteElo "2379"]
[BlackElo "2319"]
[PlyCount "89"]
[EventDate "2005.??.??"]
[Source "www.chesslib.no"]
[SourceDate "2004.05.04"]

1. d4 Nf6 2. c4 e5 3. dxe5 Ne4 4. Nf3 Bb4+ 5. Bd2 Nxd2 6. Nbxd2 Nc6 7. a3 Bxd2+ 8. Qxd2 Qe7 9. Qc3 O-O 10. Rd1 Re8 11. Rd5 b6 12. e3 Bb7 13. Be2 Nd8 14. Rd1 Ne6 15. O-O a5 16. Nd4 Nc5 17. f4 a4 18. Bf3 Be4 19. Nb5 Rac8 20. Bxe4 Nxe4 21. Qc2 Nc5 22. Nc3 d6 23. exd6 Qxe3+ 24. Qf2 Qxf2+ 25. Rxf2 cxd6 26. Rxd6 Kf8 27. g3 Ne4 28. Nxe4 Rxe4 29. Rxb6 Rexc4 30. Rd2 Rc2 31. Rbd6 Ke7 32. Rd7+ Ke8 33. Kf2 Rxb2 34. Rxb2 Kxd7 35. Rb4 Rc2+ 36. Kg1 Ra2 37. Rxa4 Ke6 38. Re4+ Kf5 39. Re3 f6 40. h4 h6 41. Kf1 g5 42. fxg5 hxg5 43. h5 Kg4 44. h6 Rh2 45. a4 1/2-1/2

[Event "Corr"]
[Site "?"]
[Date "2003.01.25"]
[Round "?"]
[White "Bartsch Gerhard (GER)"]
[Black "Preussner Michael (GER)"]
[Result "1-0"]
[WhiteElo "2324"]
[BlackElo "2366"]
[PlyCount "53"]
[EventDate "2003.??.??"]
[Source "www.chesslib.no"]
[SourceDate "2004.05.04"]

1. d4 Nf6 2. c4 e5 3. dxe5 Ne4 4. a3 Nc6 5. Nf3 d6 6. Qc2 Nc5 7. b4 Ne6 8. exd6 Bxd6 9. Bb2 O-O 10. e3 a5 11. b5 Ne7 12. Bd3 Ng6 13. h4 h6 14. h5 Ne7 15. Nc3 f5 16. Rd1 b6 17. Na4 Nc5 18. Nxc5 bxc5 19. Qc3 Rf7 20. e4 c6 21. O-O Qb6 22. Rfe1 Rb8 23. e5 Bc7 24. e6 Rf6 25. Qc1 Rf8 26. Qa1 cxb5 27. Bxg7 1-0

[Event "Litomysl op"]
[Site "Litomysl"]
[Date "1996.??.??"]
[Round "5"]
[White "Czerwonski, Aleksander"]
[Black "Chrz, Pavel"]
[Result "1-0"]
[WhiteElo "2410"]
[BlackElo "2275"]
[PlyCount "53"]
[EventDate "1996.??.??"]
[Source "www.chesslib.no"]
[SourceDate "2004.05.04"]

1. d4 Nf6 2. c4 e5 3. dxe5 Ne4 4. Nd2 Bb4 5. a3 Bxd2+ 6. Bxd2 Nxd2 7. Qxd2 Nc6 8. f4 f6 9. exf6 Qxf6 10. Nf3 d6 11. g3 Be6 12. Rc1 O-O-O 13. Bg2 d5 14. c5 d4 15. O-O Bd5 16. b4 Ne7 17. b5 c6 18. b6 a6 19. Bh3+ Be6 20. f5 Bxf5 21. Qf4 Rd7 22. Bxf5 Qxf5 23. Qxf5 Nxf5 24. Ne5 Rd5 25. Rxf5 g6 26. Rg5 Re8 27. Nf3 1-0

[Event "Sarospatak op"]
[Site "Sarospatak"]
[Date "1996.??.??"]
[Round "?"]
[White "Krizsany, Laszlo"]
[Black "Szurovszky, Elek"]
[Result "1-0"]
[WhiteElo "2430"]
[BlackElo "2255"]
[PlyCount "71"]
[EventDate "1996.??.??"]
[Source "www.chesslib.no"]
[SourceDate "2004.05.04"]

1. d4 Nf6 2. c4 e5 3. dxe5 Ne4 4. a3 Qh4 5. g3 Qh5 6. Qc2 Qf5 7. e3 Qxe5 8. Nf3 Qe7 9. Nbd2 Nxd2 10. Bxd2 Nc6 11. Bg2 a5 12. O-O d6 13. Bc3 f6 14. Nd4 Bd7 15. Qb3 Nd8 16. Rfd1 a4 17. Qc2 g6 18. Nb5 Bxb5 19. cxb5 Bg7 20. Rd4 O-O 21. Rxa4 Rb8 22. Rc4 Qd7 23. a4 c6 24. bxc6 bxc6 25. Rd1 Rc8 26. Bb4 Nf7 27. Bxc6 Rxc6 28. Rxc6 Ne5 29. Rcxd6 Nf3+ 30. Kg2 Qg4 31. R6d4 Nh4+ 32. Kf1 Qh3+ 33. Ke2 Nf5 34. Qc4+ Kh8 35. Rd8 Nxe3 36. Kxe3 1-0

[Event "2. MZT-Turnier"]
[Site "Oberland"]
[Date "2003.??.??"]
[Round "3"]
[White "Salvermoser, Bernd"]
[Black "Heinzel, Olaf"]
[Result "0-1"]
[WhiteElo "2326"]
[BlackElo "2359"]
[PlyCount "88"]
[EventDate "2003.08.21"]
[Source "Roberto Alvarez"]
[SourceDate "2003.09.01"]

1. d4 Nf6 2. c4 e5 3. dxe5 Ne4 4. a3 d6 5. Nf3 Nc6 6. Qc2 d5 7. e3 g6 8. cxd5 Qxd5 9. Bc4 Qa5+ 10. b4 Bxb4+ 11. Kf1 Bf5 12. Qb2 Qc5 13. Qb3 Be6 14. Bxe6 Qxc1+ 15. Ke2 Qxh1 16. Bxf7+ Kf8 17. Bd5 Nd2 18. Nbxd2 Qxa1 19. axb4 Nxe5 20. Ng5 c6 21. Be4 Qa6+ 22. Ke1 c5 23. Qd5 Re8 24. f4 Qf6 25. Bb1 Qc6 26. Qa2 h6 27. Nge4 Nd7 28. bxc5 Rh7 29. Qc4 Qe6 30. Qc3 b6 31. Qc2 Nxc5 32. Ba2 Qe7 33. Qc4 Rg7 34. Qd4 Nxe4 35. Nxe4 a5 36. Kf2 Rd8 37. Qc4 b5 38. Qc6 b4 39. Kf3 a4 40. Nc5 b3 41. Ne6+ Kg8 42. Bb1 Qb7 43. Nxd8 Qxc6+ 44. Nxc6 a3 0-1

[Event "Masters"]
[Site "St-Lo"]
[Date "1999.07.12"]
[Round "7"]
[White "Dumitrache, Dragos"]
[Black "Coursaget, Nicolas"]
[Result "1-0"]
[WhiteElo "2439"]
[BlackElo "2244"]
[PlyCount "51"]
[EventDate "1999.07.??"]
[Source "www.chesslib.no"]
[SourceDate "2004.05.04"]

1. d4 Nf6 2. c4 e5 3. dxe5 Ne4 4. Nf3 Bb4+ 5. Bd2 Nxd2 6. Nbxd2 Nc6 7. e3 b6 8. Be2 Bb7 9. a3 Bf8 10. Qc2 Qe7 11. Qc3 O-O-O 12. b4 Re8 13. O-O Rg8 14. c5 bxc5 15. bxc5 Qxc5 16. Nc4 g5 17. Rfd1 a6 18. Qb3 Qa7 19. Ra2 g4 20. Nfd2 Re6 21. Rb2 Nd8 22. Bd3 Bc5 23. Be4 d5 24. exd6 Bxe4 25. Nxe4 Rxe4 26. Qd3 1-0

[Event "Open"]
[Site "?"]
[Date "1996.??.??"]
[Round "3"]
[White "Demirel Tolga"]
[Black "Kogan Artur"]
[Result "0-1"]
[WhiteElo "2190"]
[BlackElo "2485"]
[PlyCount "41"]
[EventDate "1996.??.??"]
[Source "www.chesslib.no"]
[SourceDate "2004.05.04"]

1. d4 Nf6 2. c4 e5 3. dxe5 Ne4 4. Nd2 Nc5 5. Ngf3 Nc6 6. b3 g5 7. Bb2 Bg7 8. e3 d6 9. Be2 dxe5 10. O-O Bf5 11. b4 Kd7 12. Bxe5 Bg4 13. Bb2 Qc8 14. Qe1 Qf8 15. Qd1 Bd4 16. Qb1 Ke7 17. Bxd4 f6 18. Qc1 Bc8 19. Bb2 f5 20. Nh4 Na4 21. Rb1 0-1

[Event "Corr"]
[Site "?"]
[Date "1999.??.??"]
[Round "?"]
[White "Muttoni Guillermo Cesar"]
[Black "Goncalves Claudio Javier"]
[Result "1-0"]
[WhiteElo "2391"]
[BlackElo "2279"]
[PlyCount "31"]
[EventDate "1999.??.??"]
[Source "www.chesslib.no"]
[SourceDate "2004.05.04"]

1. d4 Nf6 2. c4 e5 3. dxe5 Ne4 4. Bf4 Bc5 5. e3 Bb4+ 6. Ke2 Qh4 7. g3 Qh5+ 8. Nf3 b6 9. Qd5 Nc5 10. Qxa8 Bb7 11. Qxb8+ Ke7 12. Qxb7 Nxb7 13. a3 h6 14. axb4 g5 15. Nc3 gxf4 16. Nd5+ 1-0

[Event "BL2-O 9697"]
[Site "?"]
[Date "1996.??.??"]
[Round "?"]
[White "Meister Peter"]
[Black "Roth Norbert"]
[Result "1-0"]
[WhiteElo "2385"]
[BlackElo "2285"]
[PlyCount "43"]
[EventDate "1996.??.??"]
[Source "www.chesslib.no"]
[SourceDate "2004.05.04"]

1. d4 Nf6 2. c4 e5 3. dxe5 Ne4 4. a3 Nc6 5. Nf3 d6 6. Qc2 Bf5 7. Nc3 Ng3 8. e4 Nxh1 9. exf5 dxe5 10. Be3 Be7 11. Rd1 Qb8 12. Nd5 O-O 13. Nxe5 Nxe5 14. Nxe7+ Kh8 15. f6 Rd8 16. Bg5 Rxd1+ 17. Qxd1 Ng6 18. fxg7+ Kxg7 19. Qd4+ Kf8 20. Nxg6+ fxg6 21. Qf6+ Kg8 22. Qe6+ 1-0

[Event "Copenhagen Ch"]
[Site "Copenhagen DEN"]
[Date "1996.??.??"]
[Round "3"]
[White "Jakobsen, Ole"]
[Black "Sorensen, Torben"]
[Result "1-0"]
[WhiteElo "2390"]
[BlackElo "2275"]
[PlyCount "51"]
[EventDate "1996.??.??"]
[Source "www.chesslib.no"]
[SourceDate "2004.05.04"]

1. d4 Nf6 2. c4 e5 3. dxe5 Ne4 4. a3 Qh4 5. g3 Qh5 6. Bg2 Qxe5 7. Qd5 Qxd5 8. cxd5 Nc5 9. Nd2 g6 10. b3 Bg7 11. Ra2 d6 12. Bb2 O-O 13. Bxg7 Kxg7 14. b4 Ncd7 15. Ngf3 a5 16. b5 Nb6 17. Rc2 N8d7 18. Rxc7 Nc5 19. Nd4 Re8 20. O-O a4 21. e3 Bd7 22. Rc1 Ra5 23. Nc4 Nxc4 24. Rxc4 Kf8 25. b6 Rc8 26. Rxd7 1-0

[Event "Manzanillo"]
[Site "Manzanillo"]
[Date "1991.??.??"]
[Round "9"]
[White "Medina, J."]
[Black "Calderin, Roberto"]
[Result "0-1"]
[WhiteElo "2320"]
[BlackElo "2345"]
[PlyCount "74"]
[EventDate "1991.??.??"]
[Source "www.chesslib.no"]
[SourceDate "2004.05.04"]

1. d4 Nf6 2. c4 e5 3. dxe5 Ne4 4. Nf3 Bb4+ 5. Nbd2 Nc6 6. a3 Nxd2 7. Nxd2 Bxd2+ 8. Bxd2 Nxe5 9. Bc3 Qe7 10. Qd4 f6 11. O-O-O d6 12. g4 Be6 13. Bg2 Rb8 14. g5 fxg5 15. c5 Rd8 16. cxd6 cxd6 17. f4 gxf4 18. Qxf4 Bb3 19. Rdf1 Rd7 20. Rhg1 Rf8 21. Qg3 Rxf1+ 22. Rxf1 Rc7 23. Be4 g6 24. Qg2 d5 25. Bc2 Bxc2 26. Kxc2 d4 27. Qd5 Nd7 28. Rf4 Qxe2+ 29. Kb1 Qd3+ 30. Ka1 Rxc3 31. Qe4+ Kd8 32. bxc3 Qxc3+ 33. Ka2 Qd2+ 34. Ka1 Qc1+ 35. Ka2 d3 36. Rf7 Qc2+ 37. Ka1 Qd1+ 0-1

[Event "Barcelona"]
[Site "Barcelona"]
[Date "1996.??.??"]
[Round "5"]
[White "Jose Abril, Ramon"]
[Black "Granados Gomez, Manuel"]
[Result "1-0"]
[WhiteElo "2315"]
[BlackElo "2350"]
[PlyCount "97"]
[EventDate "1996.??.??"]
[Source "www.chesslib.no"]
[SourceDate "2004.05.04"]

1. d4 Nf6 2. c4 e5 3. dxe5 Ne4 4. Nf3 Nc6 5. Nbd2 Nc5 6. g3 d6 7. exd6 Bxd6 8. Bg2 h5 9. h4 Bg4 10. O-O Qe7 11. a3 a5 12. b3 O-O-O 13. Bb2 f6 14. Bc3 Bxg3 15. Qc2 Be5 16. b4 Ne6 17. e3 Bxc3 18. Qxc3 Ne5 19. Nxe5 fxe5 20. bxa5 Nc5 21. Qb4 Qxh4 22. Rab1 Bh3 23. Bxb7+ Nxb7 24. Qxb7+ Kd7 25. Rfd1 Ke6 26. Qe4 Qg5+ 27. Kh2 Bf5 28. Nf3 Qg2+ 29. Kxg2 Bxe4 30. Rxd8 Rxd8 31. Rb5 Kf6 32. Kg3 g5 33. Nxg5 Kxg5 34. Rxe5+ Bf5 35. e4 Rd3+ 36. f3 h4+ 37. Kf2 h3 38. Kg3 Rxa3 39. Rxf5+ Kg6 40. Kxh3 Rc3 41. a6 Ra3 42. Kg4 Rxa6 43. Rc5 c6 44. f4 Kf6 45. f5 Kf7 46. Kg5 Ke7 47. Re5+ Kf7 48. Re6 Rb6 49. Rd6 1-0

[Event "Mulhouse"]
[Site "?"]
[Date "2000.07.05"]
[Round "8"]
[White "Benitah Yohann"]
[Black "Toulzac Pierre Yves"]
[Result "0-1"]
[WhiteElo "2396"]
[BlackElo "2262"]
[PlyCount "72"]
[EventDate "2000.??.??"]
[Source "www.chesslib.no"]
[SourceDate "2004.05.04"]

1. d4 Nf6 2. c4 e5 3. dxe5 Ne4 4. Nf3 Bb4+ 5. Bd2 Nxd2 6. Nbxd2 Nc6 7. a3 Bf8 8. Ne4 Qe7 9. Qd5 b6 10. g3 Bb7 11. Bh3 O-O-O 12. O-O-O Nxe5 13. Qxe5 Bxe4 14. Rhe1 f5 15. Qxe7 Bxe7 16. Ne5 Rhf8 17. f3 Bg5+ 18. e3 Bb7 19. f4 Bf6 20. Nd3 g6 21. Nf2 Rfe8 22. Kc2 Re7 23. Rd3 Kb8 24. b4 Rde8 25. e4 d6 26. Bg2 fxe4 27. Rde3 Bd4 28. R3e2 Bxf2 29. Rxf2 c6 30. Kc3 d5 31. Kd4 c5+ 32. bxc5 bxc5+ 33. Kxc5 Rc7+ 34. Kd6 Rxc4 35. Rb2 Rc6+ 36. Kd7 Ree6 0-1

[Event "Evry"]
[Site "?"]
[Date "2005.02.24"]
[Round "5"]
[White "Ushenina Anna"]
[Black "Toulzac Pierre Yves"]
[Result "1-0"]
[WhiteElo "2357"]
[BlackElo "2301"]
[PlyCount "87"]
[EventDate "2005.??.??"]
[Source "www.chesslib.no"]
[SourceDate "2004.05.04"]

1. d4 Nf6 2. c4 e5 3. dxe5 Ne4 4. Nf3 Bb4+ 5. Bd2 Nxd2 6. Nbxd2 Nc6 7. a3 Bf8 8. Qc2 Qe7 9. Qc3 b6 10. b4 a5 11. b5 Nd8 12. e3 Bb7 13. Bd3 g6 14. e6 f6 15. exd7+ Kf7 16. O-O Bg7 17. c5 Qxc5 18. Qxc5 bxc5 19. Rac1 Bxf3 20. gxf3 Bf8 21. Nb3 Ne6 22. a4 Bd6 23. Be4 Ra7 24. Rfd1 Ke7 25. Bd5 Nf8 26. Nxc5 Nxd7 27. Nxd7 Kxd7 28. Bc6+ Ke7 29. Rc4 Rd8 30. Kg2 Rf8 31. b6 Ra6 32. bxc7 Rb6 33. Bb7 Rxb7 34. c8=Q Rxc8 35. Rxc8 Rb2 36. Rd5 Bb4 37. Rb5 Ra2 38. Rc6 Be1 39. Rb7+ Kd8 40. Rxf6 Rxf2+ 41. Kg1 Kc8 42. Rb1 Re2 43. Kf1 Bc3 44. Rf8+ 1-0

[Event "BL2-Nord 0001"]
[Site "Germany"]
[Date "2001.03.11"]
[Round "7.4"]
[White "Knuth, Hannes"]
[Black "Hochgraefe, Markus"]
[Result "1/2-1/2"]
[WhiteElo "2308"]
[BlackElo "2349"]
[PlyCount "104"]
[EventDate "2000.10.15"]
[Source "ChessBase"]
[SourceDate "2001.07.03"]

1. d4 Nf6 2. c4 e5 3. dxe5 Ne4 4. Nd2 Nc5 5. Ngf3 Nc6 6. a3 Qe7 7. Qc2 Nxe5 8. Nxe5 Qxe5 9. Nf3 Qe4 10. Qxe4+ Nxe4 11. Nd4 Be7 12. Bf4 d6 13. g3 Bf6 14. Rd1 b6 15. Nb5 Kd8 16. Bg2 Bb7 17. b4 a6 18. Nd4 Kc8 19. Bxe4 Bxe4 20. f3 Bxd4 21. Rxd4 Bc6 22. Kf2 Kb7 23. Rb1 Rad8 24. b5 Bd7 25. bxa6+ Kxa6 26. Bxd6 cxd6 27. Rxd6 Bc8 28. Rdxb6+ Ka7 29. R1b4 Ba6 30. c5 Rb8 31. Rd6 Rhd8 32. Re4 Rxd6 33. cxd6 Bb5 34. Rg4 g6 35. Rh4 h5 36. Rf4 Rb7 37. g4 hxg4 38. fxg4 Rd7 39. h4 Rxd6 40. Rxf7+ Kb6 41. Re7 Rf6+ 42. Kg3 Kc5 43. Re5+ Kc6 44. h5 gxh5 45. gxh5 Rf1 46. Kg4 Rf2 47. e4 Be2+ 48. Kg5 Rh2 49. Kg6 Kd6 50. Rg5 Bxh5+ 51. Rxh5 Rxh5 52. Kxh5 Ke5 1/2-1/2